Art rhétorique et art poétique / (Record no. 104975)

MARC details
000 -LEADER
campo de control de longitud fija 00946nam a2200277 i 4500
001 - NÚMERO DE CONTROL
campo de control 104975
003 - IDENTIFICADOR DE NÚMERO DE CONTROL
campo de control ES-MaACL
005 - FECHA Y HORA DE LA ÚLTIMA TRANSACCIÓN
campo de control 20250805063254.0
007 - CAMPO FIJO DE DESCRIPCIÓN FÍSICA--INFORMACIÓN GENERAL
campo de control de longitud fija t|
008 - DATOS DE LONGITUD FIJA--INFORMACIÓN GENERAL
campo de control de longitud fija 060602s1944 fr ||||1| fre d
080 ## - NÚMERO DE LA CLASIFICACIÓN DECIMAL UNIVERSAL
Número de la Clasificación Decimal Universal 808.1:82-1(02)"-03"
080 ## - NÚMERO DE LA CLASIFICACIÓN DECIMAL UNIVERSAL
Número de la Clasificación Decimal Universal 808(02)"-03"
100 0# - ENTRADA PRINCIPAL--NOMBRE DE PERSONA
Nombre de persona Aristóteles
9 (RLIN) 22861
245 10 - MENCIÓN DEL TÍTULO
Título Art rhétorique et art poétique /
Mención de responsabilidad, etc. Aristote ; traduction nouvelle avec texte, introduction et notes par Jean Voilquin et Jean Capelle.
260 ## - PUBLICACIÓN, DISTRIBUCIÓN, ETC.
Lugar de publicación, distribución, etc. Paris :
Nombre del editor, distribuidor, etc. Garnier,
Fecha de publicación, distribución, etc. 1944.
300 ## - DESCRIPCIÓN FÍSICA
Extensión XIII, 572 p. ;
Dimensiones 19 cm.
490 1# - MENCIÓN DE SERIE
Mención de serie Classiques Garnier
500 ## - NOTA GENERAL
Nota general Biblioteca Jacinto Martínez Lacalle.
650 14 - PUNTO DE ACCESO ADICIONAL DE MATERIA--TÉRMINO DE MATERIA
Término de materia o nombre geográfico como elemento de entrada Retórica-
Subdivisión de forma Obras anteriores a 1800.
9 (RLIN) 16886
650 14 - PUNTO DE ACCESO ADICIONAL DE MATERIA--TÉRMINO DE MATERIA
Término de materia o nombre geográfico como elemento de entrada Poética-
Subdivisión de forma Obras anteriores a 1800.
9 (RLIN) 16257
700 1# - ENTRADA AGREGADA--NOMBRE PERSONAL
Nombre de persona Voilquin, Jean.
9 (RLIN) 115677
700 1# - ENTRADA AGREGADA--NOMBRE PERSONAL
Nombre de persona Capelle, Jean.
9 (RLIN) 34827
830 0# - PUNTO DE ACCESO ADICIONAL DE SERIE-TÍTULO UNIFORME
Título uniforme Classiques Garnier
9 (RLIN) 184859
852 ## - LOCALIZACIÓN
Ubicación ES-MaACL
Número de control de estantería E-11298
Sublocalización o colección R.138956
Holdings
Estatus retirado Estado de pérdida Estado de daño No para préstamo Biblioteca de origen Biblioteca actual Ubicación en estantería Fecha de adquisición Fuente de adquisición Total de préstamos Signatura topográfica completa Código de barras Visto por última vez Precio de reemplazo Tipo de ítem Koha
        Biblioteca del Ateneo de Madrid Biblioteca del Ateneo de Madrid Depósito 2 17/01/2008     E-11298 1109589 23/02/2023 23/02/2023 Libro impreso